[Event "Hastings Masters"]
[Site "Hastings, England"]
[Date "2015.01.01"
[Round "4.34"]
[White "Fryer, David W"]
[WhiteElo "2004"]
[Black "Kheit, Wahbi"]
[BlackElo "2223"]
[Result "0-1"]

1. e4 e5 2. Bc4 Nc6 3. Nc3 Bc5 4. Qg4 g6 5. Qg3 d6 6. d3 Nd4 7. Kd1 c6 8. Nce2
Ne6 9. f4 exf4 10. Nxf4 Ne7 11. Nge2 d5 12. exd5 cxd5 13. Nxd5 Nxd5 14. Qe5 Nf6
15. Bxe6 Qe7 16. Bg5 O-O 17. Qxf6 Qxf6 18. Bxf6 Bxe6 19. Kd2 Rfe8 20. Nc3 Bf8
21. Ne4 Bd5 22. Rae1 Bh6+ 23. Kd1 Re6 24. Bc3 f5 25. Nf6+ Rxf6 26. Bxf6 Bxg2
27. c4 Bf3+ 28. Kc2 Bxh1 29. Rxh1 Re8 30. Bc3 Re2+ 31. Kb3 Be3 32. d4 b6 33. d5
Kf7 34. Ka4 a6 35. a3 f4 36. Rd1 Ke7 37. Bd4 Bxd4 38. Rxd4 g5 39. b4 f3 40. Rd3
g4 41. Rd4 h5 42. c5 bxc5 43. bxc5 Rxh2 44. d6+ Kd8 45. Ka5 Rc2 46. Kb6 g3 47.
Rf4 g2 48. Rf8+ Kd7 49. Rf7+ Ke6 50. Rg7 f2 51. d7 g1=Q 52. d8=Q Qxg7 53. Qe8+
Kf6 54. Qc6+ Ke5 55. Qd6+ Ke4 56. Qc6+ Kf4 57. Qd6+ Qe5 58. Qf8+ Qf5 59. Qh6+
Kg4 60. Qg7+ Kh3 0-1

[Event "Hastings Masters"]
[Site "Hastings, England"]
[Date "2015.01.01"
[Round "4.35"]
[White "Byron, Alan M"]
[WhiteElo "2188"]
[Black "Shepley, Julien M"]
[BlackElo "1942"]
[Result "1/2-1/2"]

1. e4 d6 2. d4 Nf6 3. Bd3 e5 4. c3 Nc6 5. Nf3 d5 6. dxe5 Nxe4 7. Bf4 Bc5 8.
Bxe4 dxe4 9. Qxd8+ Nxd8 10. Ng5 Ne6 11. Nxe6 Bxe6 12. Nd2 Bf5 13. h3 O-O-O 14.
b4 Bb6 15. a4 a6 16. Nc4 Rd3 17. Nxb6+ cxb6 18. Be3 Rxc3 19. Bxb6 Kd7 20. Rd1+
Rd3 21. Rc1 Rc8 22. Rxc8 Kxc8 23. Ke2 Kd7 24. Rc1 Ke6 25. Rc7 Rd7 26. g4 Bg6
27. Rxd7 Kxd7 28. Ke3 Kc6 29. Bd8 Kd5 30. Bc7 h5 31. Kf4 hxg4 32. hxg4 Ke6 33.
Ke3 Kd5 34. Kf4 Ke6 1/2-1/2

[Event "Hastings Masters"]
[Site "Hastings, England"]
[Date "2015.01.01"
[Round "4.36"]
[White "Pickersgill, Adrian O"]
[WhiteElo "1994"]
[Black "Haussernot, Cecile"]
[BlackElo "2186"]
[Result "0-1"]

1. e4 c5 2. Nc3 Nc6 3. f4 g6 4. Nf3 Bg7 5. Bb5 Nd4 6. O-O a6 7. Bc4 d6 8. d3 e6
9. Nxd4 cxd4 10. Ne2 b5 11. Bb3 Ne7 12. Qe1 O-O 13. Qf2 Nc6 14. Ng3 Ne7 15. Bd2
Kh8 16. Rae1 Qd7 17. Kh1 a5 18. c3 a4 19. Bd1 a3 20. cxd4 axb2 21. Bb3 Ba6 22.
Qe3 Rac8 23. Rb1 Nc6 24. Bc3 Qa7 25. Ne2 e5 26. Bxb2 exd4 27. Qf3 b4 28. Rbc1
Bb7 29. Bd5 Na5 30. Rxc8 Rxc8 31. Bxf7 Rc2 32. Ba1 Qc5 33. Qf2 Qh5 34. Re1 Nc6
35. Bb3 Rd2 36. Bd5 Rxd3 37. Bxc6 Bxc6 38. Nxd4 Qc5 39. Qh4 Bxd4 40. Qd8+ Kg7
41. Qe7+ Kg8 42. Qd8+ Kf7 43. Qc7+ Ke8 44. Qc8+ Ke7 45. Qg8 Re3 46. Qxh7+ Kd8
47. Qh4+ g5 48. fxg5 Rxe1+ 49. Qxe1 Bf2 50. Bf6+ Kc7 51. Qf1 Bb5 52. Qa1 Qe3
53. e5 d5 54. g6 d4 55. g7 Bc4 56. h3 Bd5 57. g8=Q Qxh3# 0-1

[Event "Hastings Masters"]
[Site "Hastings, England"]
[Date "2015.01.01"
[Round "4.37"]
[White "Da Ces, Philippe"]
[WhiteElo "1978"]
[Black "Jaunooby, Ali R"]
[BlackElo "2175"]
[Result "0-1"]

1. d4 c5 2. d5 Nf6 3. Nc3 d6 4. e4 g6 5. Bb5+ Nbd7 6. a4 Bg7 7. Nf3 O-O 8. O-O
Ne8 9. Bf4 Ne5 10. Nd2 h6 11. Bg3 f5 12. exf5 gxf5 13. Ne2 e6 14. dxe6 Bxe6 15.
Nf4 Bf7 16. Be2 Qb6 17. a5 Qxb2 18. Rb1 Qc3 19. Rxb7 Qxa5 20. Bh5 Nf6 21. Bxf7+
Rxf7 22. Rxf7 Nxf7 23. Ne6 Bh8 24. Qf3 Re8 25. Nb3 Qb4 26. Qxf5 Qe4 27. Qxe4
Nxe4 28. Nf4 Nc3 29. f3 c4 30. Nc1 Rb8 31. Nce2 Rb2 32. Rc1 Na2 33. Rd1 Rxc2
34. Nd4 Rc1 35. Rxc1 Bxd4+ 0-1

[Event "Hastings Masters"]
[Site "Hastings, England"]
[Date "2015.01.01"
[Round "4.38"]
[White "Vanheirzeele, Daniel"]
[WhiteElo "2081"]
[Black "Higgs, Joshua"]
[BlackElo "1863"]
[Result "1-0"]

1. d4 Nf6 2. c4 e6 3. g3 Bb4+ 4. Bd2 Qe7 5. Nf3 Nc6 6. Nc3 Bxc3 7. Bxc3 Ne4 8.
Rc1 d6 9. d5 Nxc3 10. Rxc3 Nd8 11. Bg2 O-O 12. dxe6 Nxe6 13. O-O Bd7 14. b4 Qf6
15. Qd2 Bc6 16. Rd1 Rfe8 17. Re3 h6 18. h4 Rad8 19. b5 Bxf3 20. Rxf3 Qg6 21.
Ra3 Nc5 22. Rxa7 Qg4 23. Qd4 Qxe2 24. Bxb7 Nxb7 25. Rxb7 Re4 26. Qd3 Qxd3 27.
Rxd3 Rxc4 28. Ra7 Rb8 29. a4 g6 30. Rb3 Rc5 31. Kf1 Kf8 32. Ke2 Ke8 33. Kd2 Rb6
34. Rc3 c6 35. Rxc5 dxc5 36. Ra6 1-0

[Event "Hastings Masters"]
[Site "Hastings, England"]
[Date "2015.01.01"
[Round "4.39"]
[White "Page, Martin C"]
[WhiteElo "1845"]
[Black "Macrae, James S"]
[BlackElo "1723"]
[Result "1-0"]

1. e4 Nc6 2. d4 e5 3. Nf3 exd4 4. Nxd4 Qh4 5. Nb5 Qxe4+ 6. Be2 Kd8 7. O-O a6 8.
N5c3 Qd4 9. Bd3 g6 10. Nd2 Be7 11. Nf3 Qg7 12. Qe2 Nf6 13. Be3 d6 14. Qd2 h6
15. Rfe1 Be6 16. Nd4 Nxd4 17. Bxd4 Qf8 18. Ne4 Nxe4 19. Bxe4 Rg8 20. Bxb7 Rb8
21. Bxa6 Bd7 22. Bc4 Bb5 23. Qe2 Bxc4 24. Qxc4 Rc8 25. a4 Kd7 26. a5 c5 27. Bc3
Kc6 28. Qe4+ Kd7 29. a6 Qd8 30. Ba5 Qe8 31. Qb7+ 1-0

[Event "Hastings Masters"]
[Site "Hastings, England"]
[Date "2015.01.01"
[Round "4.40"]
[White "Fleming, Andrew S J"]
[WhiteElo "1928"]
[Black "Froewis, Annika"]
[BlackElo "2036"]
[Result "1/2-1/2"]

1. d4 d5 2. Nf3 Nf6 3. c4 e6 4. Nc3 c6 5. cxd5 exd5 6. Bg5 Be7 7. Qc2 O-O 8. e3
Re8 9. Bd3 Nbd7 10. O-O Nf8 11. Ne5 g6 12. f3 Ne6 13. Bh4 Ng7 14. Bf2 Bd6 15.
f4 Ng4 16. e4 Nxf2 17. Qxf2 f6 18. exd5 fxe5 19. fxe5 Bb4 20. Ne4 Kh8 21. Nf6
Rf8 22. Qh4 Nh5 23. g4 Bxg4 24. Qxg4 Nxf6 25. exf6 Qxd5 26. Rad1 Rae8 27. Qh4
Rf7 28. b3 b5 29. Rf2 Qh5 30. Qxh5 gxh5 31. Rf5 Rg8+ 32. Kh1 Rg6 33. Rdf1 h6
34. h3 Rg3 35. Be4 Rxh3+ 36. Kg2 Re3 37. Bxc6 a6 38. Bd5 Rd7 39. f7 Bf8 40. Kf2
Rde7 41. Bf3 Rd3 42. Rg1 Rd2+ 43. Kg3 Rxd4 44. Kh3 Kh7 45. Rg8 Rd8 46. Bxh5
Re3+ 47. Kg4 Re4+ 48. Kf3 Re6 49. Re5 Rc6 50. Re8 Rf6+ 51. Ke4 Rxf7 52. Rxd8
Re7+ 53. Kf5 Kxg8 54. Ra8 Rd7 55. Ke6 Rd6+ 56. Ke5 Rc6 57. Bf3 Rb6 58. Ra7 Bb4
1/2-1/2

[Event "Hastings Masters"]
[Site "Hastings, England"]
[Date "2015.01.01"
[Round "4.41"]
[White "Kyrkjebo, Hanna B."]
[WhiteElo "1831"]
[Black "Larsen, Andreas"]
[BlackElo "2010"]
[Result "1/2-1/2"]

1. e4 c6 2. d4 d5 3. Nc3 dxe4 4. Nxe4 Nf6 5. Nxf6+ gxf6 6. c3 Bf5 7. Nf3 e6 8.
g3 Qd5 9. Bg2 Qc4 10. Nh4 Bg6 11. Nxg6 hxg6 12. Qb3 Qa6 13. Bf1 Qb6 14. Qxb6
axb6 15. Bf4 Nd7 16. Bd3 Bh6 17. Bxh6 1/2-1/2

[Event "Hastings Masters"]
[Site "Hastings, England"]
[Date "2015.01.01"
[Round "4.42"]
[White "Roggensack, Hans Peter"]
[WhiteElo "2010"]
[Black "McKenna, John R"]
[BlackElo "1722"]
[Result "1-0"]

1. e4 d5 2. exd5 Nf6 3. d4 c6 4. dxc6 Nxc6 5. Nf3 Bg4 6. c3 Qd5 7. Be2 e6 8.
Qb3 Bd6 9. Qxd5 exd5 10. Be3 O-O 11. Nbd2 Rfe8 12. h3 Bh5 13. g4 Bg6 14. Nh4
Rxe3 15. Nxg6 Re6 16. Ne5 Nxe5 17. dxe5 Bxe5 18. Kf1 d4 19. cxd4 Bxd4 20. Bf3
Rb6 21. Nc4 Rb4 22. Rc1 Rc8 23. b3 b5 24. Rd1 bxc4 25. Rxd4 a5 26. Rxc4 Rbxc4
27. bxc4 Rxc4 28. Kg2 h6 29. Rb1 Ne4 30. Rb5 a4 31. Ra5 Nc3 32. a3 Nb1 33. Bd5
Rd4 34. Ra8+ Kh7 35. Bxf7 Nxa3 36. Be8 Nc2 37. Rxa4 Rxa4 38. Bxa4 Ne1+ 39. Kg3
Nd3 40. Bc2 1-0

[Event "Hastings Masters"]
[Site "Hastings, England"]
[Date "2015.01.01"
[Round "4.43"]
[White "Dean, Michael J"]
[WhiteElo "1574"]
[Black "Sikkel, Dirk"]
[BlackElo "2010"]
[Result "0-1"]

1. e4 g6 2. Nc3 Bg7 3. Bc4 d6 4. f4 e6 5. Nf3 a6 6. a4 b6 7. O-O Ne7 8. Qe1 O-O
9. d3 d5 10. Bb3 dxe4 11. dxe4 c5 12. Bc4 Nbc6 13. Bb3 Qc7 14. Qf2 Qd7 15. Ng5
Bh6 16. Kh1 {Scoresheets illegible} 0-1

[Event "Hastings Masters"]
[Site "Hastings, England"]
[Date "2015.01.01"
[Round "4.44"]
[White "Wettasinha, Vasanta"]
[WhiteElo "1761"]
[Black "Kalaiyalahan, Akshaya"]
[BlackElo "2080"]
[Result "0-1"]

1. d4 d5 2. Nc3 Nf6 3. Bg5 c6 4. Qd3 g6 5. f3 Bg7 6. e4 dxe4 7. fxe4 O-O 8.
O-O-O a5 9. Qd2 b5 10. e5 Nd5 11. Nxd5 Qxd5 12. Kb1 f6 13. exf6 exf6 14. Bf4
Be6 15. b3 a4 16. c4 bxc4 17. bxc4 Qd7 18. Nf3 Na6 19. Bd3 Nc7 20. Qc2 a3 21.
Rhe1 Rfb8+ 22. Ka1 Rb2 23. Qc1 Bg4 24. Rd2 Bxf3 25. Bxc7 Bh6 26. Bc2 Qxc7 27.
gxf3 Qa5 28. Red1 Bxd2 29. Qxd2 Qxd2 30. Rxd2 Re8 0-1

[Event "Hastings Masters"]
[Site "Hastings, England"]
[Date "2015.01.01"
[Round "4.45"]
[White "Denham, Colin"]
[WhiteElo "1685"]
[Black "Wallis, Ian J"]
[BlackElo "2009"]
[Result "0-1"]

1. e4 Nc6 2. Nc3 e5 3. Nf3 Nf6 4. Be2 g6 5. O-O Bg7 6. d3 O-O 7. Bd2 d6 8. Qc1
Be6 9. Bg5 Ne7 10. Ne1 Nd7 11. Bd2 c6 12. Kh1 d5 13. exd5 cxd5 14. f4 Nf5 15.
fxe5 Nxe5 16. Bf4 Nc6 17. Nf3 Qb6 18. Rb1 Nfd4 19. Be3 Nxe2 20. Nxe2 d4 21. Bh6
Bxa2 22. Bxg7 Kxg7 23. Ra1 Be6 24. Qf4 Rad8 25. Ng5 Nb4 26. Qf6+ Kg8 27. Rf4
Bf5 28. Qxb6 axb6 29. Nxd4 Rxd4 30. Rxd4 Nxc2 31. Rda4 Nxa1 32. Rxa1 Bxd3 33.
Nf3 Re8 34. Rd1 Be4 35. Re1 Re6 36. Kg1 Bxf3 37. Rxe6 fxe6 38. gxf3 Kf7 39. Kf2
Kf6 40. Ke3 Ke5 41. h3 g5 42. b3 h6 43. b4 b5 44. Kd3 Kf4 0-1

[Event "Hastings Masters"]
[Site "Hastings, England"]
[Date "2015.01.01"
[Round "4.46"]
[White "Fraser, John"]
[WhiteElo "1934"]
[Black "Kyrkjebo, Marte B."]
[BlackElo "1598"]
[Result "1-0"]

1. e4 e5 2. Nf3 Nc6 3. d4 exd4 4. Nxd4 Bc5 5. Be3 Qf6 6. c3 Nge7 7. Bc4 Ne5 8.
Be2 d6 9. f4 N5g6 10. O-O O-O 11. Qd2 h6 12. a4 a6 13. a5 Bd7 14. c4 Nc6 15.
Nxc6 Bxe3+ 16. Qxe3 Bxc6 17. Nc3 Rfe8 18. Bd3 Nf8 19. Rad1 Ne6 20. Bc2 Rad8 21.
b4 Ra8 22. Nd5 Bxd5 23. cxd5 Nf8 24. Ba4 Rec8 25. Rc1 Qe7 26. Qd4 Nd7 27. Rc3
Nf6 28. Re1 Rab8 29. Ree3 b5 30. axb6 cxb6 31. Bc6 a5 32. b5 Nd7 33. Bxd7 Qxd7
34. Rc6 Rxc6 35. dxc6 Qc7 36. Rd3 Rd8 37. Qd5 Kf8 38. e5 Qe7 39. Rd1 Ke8 40.
exd6 Qe3+ 41. Kh1 Kf8 42. Qe5 Qxe5 43. fxe5 Ke8 44. c7 Ra8 45. d7+ Ke7 46.
d8=Q+ 1-0

[Event "Hastings Masters"]
[Site "Hastings, England"]
[Date "2015.01.01"
[Round "4.47"]
[White "Pooley, Mark C"]
[WhiteElo "1686"]
[Black "Dennis, Nigel W"]
[BlackElo "1842"]
[Result "1-0"]

1. e4 c5 2. Nf3 e6 3. d4 cxd4 4. Nxd4 Nf6 5. f3 a6 6. c4 Nc6 7. Nc3 Qc7 8. Be3
Bc5 9. Nc2 Bxe3 10. Nxe3 O-O 11. Be2 b6 12. O-O Bb7 13. Qd2 Nh5 14. Rfd1 Rad8
15. Qd6 Qxd6 16. Rxd6 Nf4 17. Bf1 f6 18. Rad1 Rf7 19. Na4 e5 20. Nc2 Ba8 21.
Nxb6 Rb8 22. c5 Ne6 23. Bc4 Kf8 24. Rxd7 Re8 25. Bxe6 Rxe6 26. Rxf7+ Kxf7 27.
Nxa8 Nb8 28. Nb6 Rc6 29. b4 a5 30. a3 axb4 31. axb4 1-0

[Event "Hastings Masters"]
[Site "Hastings, England"]
[Date "2015.01.01"
[Round "4.48"]
[White "Haegin, Thomas"]
[WhiteElo "1460"]
[Black "Stonehouse, Tom H"]
[BlackElo "1798"]
[Result "0-1"]

1. e4 e5 2. f4 d5 3. exd5 e4 4. Nc3 Nf6 5. Bc4 Bc5 6. d4 exd3 7. Qxd3 O-O 8.
Bd2 Ng4 9. Nh3 Qh4+ 10. Qg3 Re8+ 11. Be2 Qf6 12. O-O-O Ne3 13. Rde1 Bxh3 14.
Qxh3 Qf5 15. Bd3 Qxh3 16. gxh3 Nd7 17. Na4 Nxd5 18. Nxc5 Nxc5 19. Bc4 Nb6 20.
Rxe8+ Rxe8 21. Bf1 Ne4 22. Be1 Nd5 23. Bg3 Ne3 24. Bd3 f5 25. Be1 Nc5 26. Kd2
Nxd3 27. Kxd3 Nd5 28. Bd2 Rd8 29. Ke2 Re8+ 30. Kd3 Re4 31. Rf1 b5 32. b3 b4 33.
Rf3 c5 34. Be3 Kf7 35. Bd2 Ke6 36. Be3 Kd6 37. Bd2 g6 38. h4 a6 39. Be3 a5 40.
Bd2 a4 41. bxa4 c4# 0-1

[Event "Hastings Masters"]
[Site "Hastings, England"]
[Date "2015.01.01"
[Round "4.49"]
[White "French, Max"]
[WhiteElo "1763"]
[Black "Evans, Helen I"]
[BlackElo "1621"]
[Result "1-0"]

1. d4 d5 2. c4 Bf5 3. Nc3 e6 4. Nf3 Nc6 5. cxd5 exd5 6. a3 Nf6 7. Bg5 Be7 8. g3
Ne4 9. Bxe7 Nxe7 10. Bg2 O-O 11. O-O c6 12. Nd2 Nf6 13. b4 Qd7 14. Nb3 b6 15.
a4 Bh3 16. e3 Bxg2 17. Kxg2 Ne4 18. Qd3 Nxc3 19. Qxc3 Rfc8 20. Rfc1 Nf5 21. Rc2
Nd6 22. Nc1 Nc4 23. Nd3 f6 24. Nb2 Nxb2 25. Qxb2 Rc7 26. Rc3 a6 27. Qc2 Rac8
28. Rc1 b5 29. a5 Qd6 30. Rc5 Qe6 31. h3 g6 32. Qc3 f5 33. f3 Kf7 34. g4 h6 35.
Qd2 Kg7 36. R1c3 Re8 37. Qc1 Rec8 38. Qe1 Re8 39. Qg3 Ree7 40. gxf5 Qxf5 41.
Rxc6 Rxc6 42. Rxc6 Re6 43. Rxe6 Qxe6 44. Qe5+ Qxe5 45. dxe5 Kf7 46. h4 Ke6 47.
f4 g5 48. hxg5 hxg5 49. Kf3 gxf4 50. exf4 Kf5 51. Ke3 Ke6 52. Kd4 1-0